[Event "FRA-ch U14"]
[Site "Aix les Bains"]
[Date "2009.04.19"]
[Round "1"]
[White "Christophe, Jean Francois"]
[Black "Barbot, Pierre"]
[Result "1/2-1/2"]
[WhiteElo "1728"]
[BlackElo "2050"]
[PlyCount "77"]
[EventDate "2009.04.19"]
[EventType "swiss"]
[EventRounds "9"]
[EventCountry "FRA"]
[SourceTitle "CBM 130 Extra"]
[Source "ChessBase"]
[SourceDate "2009.07.02"]
[SourceVersion "2"]
[SourceVersionDate "2009.07.15"]
[SourceQuality "1"]

1. d4 Nf6 2. c4 g6 3. Nc3 d5 4. Bf4 Bg7 5. Nf3 0-0 6. e3 c5 7. dxc5 Qa5 8. Qb3 Ne4 9. Be5 Nxc5 10. Qb5 Qxb5 11. cxb5 Bxe5 12. Nxe5 e6 13. 0-0-0 f6 14. Nd3 b6 15. b4 Nxd3+ 16. Bxd3 Bb7 17. h4 Nd7 18. h5 f5 19. Bc2 Rac8 20. Kb2 Rc4 21. Rd4 Rfc8 22. Rxc4 Rxc4 23. a3 Nf6 24. hxg6 hxg6 25. Bb3 Rc8 26. f3 Kg7 27. Rd1 Rd8 28. Ne2 e5 29. Rc1 Rc8 30. Rxc8 Bxc8 31. Kc3 Bb7 32. Kd3 Kf8 33. f4 exf4 34. Nxf4 Ke7 35. Nxg6+ Kd6 36. Nf4 Ke5 37. Ng6+ Kd6 38. Nf4 Ke5 39. Ng6+ 1/2-1/2

[Event "La Fere op 7th"]
[Site "La Fere"]
[Date "2008.07.10"]
[Round "7"]
[White "Christophe, Jean Francois"]
[Black "Honore, Adrien"]
[Result "1-0"]
[WhiteElo "1780"]
[BlackElo "1290"]
[PlyCount "47"]
[EventDate "2008.07.05"]
[EventType "swiss"]
[EventRounds "9"]
[EventCountry "FRA"]
[SourceTitle "CBM 125 Extra"]
[Source "ChessBase"]
[SourceDate "2008.09.01"]
[SourceVersion "1"]
[SourceVersionDate "2008.09.01"]
[SourceQuality "1"]

1. d4 d5 2. c4 e6 3. Nc3 Nf6 4. Bf4 Bb4 5. e3 0-0 6. Nf3 Bd7 7. Be2 Nc6 8. 0-0 b6 9. cxd5 exd5 10. Ba6 Bc8 11. Bd3 Na5 12. Nb5 Ba6 13. Nxc7 Bxd3 14. Qxd3 Qxc7 15. Bxc7 Rac8 16. Bf4 Ne4 17. a3 Bd6 18. Bxd6 Nxd6 19. Rac1 Rxc1 20. Rxc1 Nac4 21. b4 Rc8 22. h3 Ne4 23. Ne5 h6 24. Nxc4 1-0

[Event "La Fere op 7th"]
[Site "La Fere"]
[Date "2008.07.06"]
[Round "3"]
[White "Lapersonne, Patrick"]
[Black "Christophe, Jean Francois"]
[Result "0-1"]
[WhiteElo "1600"]
[BlackElo "1780"]
[PlyCount "78"]
[EventDate "2008.07.05"]
[EventType "swiss"]
[EventRounds "9"]
[EventCountry "FRA"]
[SourceTitle "CBM 125 Extra"]
[Source "ChessBase"]
[SourceDate "2008.09.01"]
[SourceVersion "1"]
[SourceVersionDate "2008.09.01"]
[SourceQuality "1"]

1. c4 e6 2. Nc3 c5 3. Nf3 Nc6 4. e3 Nf6 5. d4 d5 6. a3 a6 7. Be2 Be7 8. 0-0 0-0 9. dxc5 Bxc5 10. b4 Bb6 11. c5 Bc7 12. Nd4 Nxd4 13. exd4 Bd7 14. Rb1 b6 15. a4 Qb8 16. h3 e5 17. b5 exd4 18. Nxd5 Nxd5 19. Qxd4 Be6 20. c6 Be5 21. Qd2 Nc3 22. Rb4 a5 23. Rc4 Nxe2+ 24. Qxe2 Bxc4 25. Qxc4 Qd6 26. Be3 Rab8 27. Rc1 Rfd8 28. f4 Bd4 29. Re1 Bxe3+ 30. Rxe3 Rbc8 31. Rc3 Re8 32. Rd3 Qb4 33. Qc2 Qxf4 34. Qd1 Qe5 35. Rd7 Qg3 36. Kf1 h6 37. Qc1 Re6 38. c7 Rce8 39. Rd1 Re2 0-1